Reporting of Sustainable Development of Enterprises in Slovakia

Analýza oznamovania udržateľného rozvoja v SR v súlade s transpozíciou smerníc EÚ a národnej legislatívy.

Na minha lista:
Detalhes bibliográficos
Autor principal: Pakšiová, Renáta, 1974-
Outros Autores: Oriskóová, Denisa, Lovciová, Kornélia, 1983-
Formato: Capítulo de Livro
Idioma:inglês
Assuntos:
Tags: Adicionar Tag
Sem tags, seja o primeiro a adicionar uma tag!

MARC

LEADER 00000naa$a2200000$$$4500
001 0240958
005 20240502083646.5
041 0 |a eng 
044 |a NL 
245 1 0 |a Reporting of Sustainable Development of Enterprises in Slovakia  |c Renáta Pakšiová, Denisa Oriskóová, Kornélia Lovciová 
520 |a Analýza oznamovania udržateľného rozvoja v SR v súlade s transpozíciou smerníc EÚ a národnej legislatívy. 
610 2 0 |a rozvoj trvalo udržateľný 
610 2 0 |a podnik 
610 2 0 |a Slovensko 
610 2 0 |a Európska únia 
610 2 0 |a legislatíva 
610 2 0 |a smernice 
610 2 0 |a informácie obchodno-ekonomické 
100 1 |a Pakšiová, Renáta, 1974- 
700 1 |a Oriskóová, Denisa 
700 1 |a Lovciová, Kornélia, 1983-